LIBRARY ONLINE CATALOGUE

Advanced financial accounting / (Record no. 441)

MARC details
000 -LEADER
fixed length control field 00763cam a22002412 4500
001 - CONTROL NUMBER
control field 0000002519
005 - DATE AND TIME OF LATEST TRANSACTION
control field 20151021151058.0
008 - FIXED-LENGTH DATA ELEMENTS--GENERAL INFORMATION
fixed length control field 070412s xx 000 0 eng d
020 ## - INTERNATIONAL STANDARD BOOK NUMBER
International Standard Book Number 0273658492 :
Terms of availability KES 4,440
040 ## - CATALOGING SOURCE
Original cataloging agency KABU
Transcribing agency KABU
050 #0 - LIBRARY OF CONGRESS CALL NUMBER
Classification number HF5635
Item number .L49 2004
100 1# - MAIN ENTRY--PERSONAL NAME
Personal name Lewis, Richard.
-- 0000021098
245 10 - TITLE STATEMENT
Title Advanced financial accounting /
Statement of responsibility, etc. Richard Lewis, David Pendrill.
250 ## - EDITION STATEMENT
Edition statement 7th ed.
260 ## - PUBLICATION, DISTRIBUTION, ETC. (IMPRINT)
Place of publication, distribution, etc. Harlow, England :
Name of publisher, distributor, etc. Prentice Hall,
Date of publication, distribution, etc. 2004.
300 ## - PHYSICAL DESCRIPTION
Extent xiv, 720 p. ;
Dimensions 25 cm.
504 ## - BIBLIOGRAPHY, ETC. NOTE
Bibliography, etc Includes bibliographical references and index.
650 #0 - SUBJECT ADDED ENTRY--TOPICAL TERM
Topical term or geographic name as entry element Accounting.
-- 0000148321
700 1# - ADDED ENTRY--PERSONAL NAME
Personal name Pendrill, David.
-- 0000151897
908 ## - PUT COMMAND PARAMETER (RLIN)
Put command parameter 070412
950 ## - LOCAL HOLDINGS (RLIN)
-- 1
Holdings
Withdrawn status Lost status Source of classification or shelving scheme Not for loan Home library Current library Date acquired Total Checkouts Total Renewals Full call number Barcode Date last seen Date last checked out Price effective from Koha item type
    Library of Congress Classification   Kabarak, Main Campus Kabarak, Main Campus 17/12/2015     HF5635 .L49 2004 002660 02/08/2024   17/12/2015 General Collection
    Library of Congress Classification   Kabarak, Main Campus Kabarak, Main Campus 17/12/2015 1   HF5635 .L49 2004 011043 02/08/2024 10/02/2020 17/12/2015 General Collection
    Library of Congress Classification   Kabarak, Main Campus Kabarak, Main Campus 17/12/2015     HF5635 .L49 2004 011044 02/08/2024   17/12/2015 General Collection
    Library of Congress Classification   Kabarak, Nakuru City Campus Kabarak, Nakuru City Campus 21/10/2015 2 1 HF5635 .L49 2004 005768 16/04/2021 16/04/2021 21/10/2015 General Collection